000
00310 a2200133 4500
020
_a
9695190391
090
_c
5874
_d
5874
100
_a
A J Arberry
245
_a
The Doctrine of the Sufis
260
_a
Lahore
_b
Suhail Acadamy
_c
2001
300
_a
173 p.
500
_a
Hardcover
942
_a
NBS
_c
BK
_k
297.4 ARB
999
_c
348270
_d
348270